000 00724nam a22001815i 4500
001 163609
003 ES-MaACL
005 20230906212757.0
008 050715m18551900fr a | |||||||| ||fre d
040 _aCAM
_bspa
_cCAM
100 1 _aRobert, Adrien.
_997798
245 1 0 _aContes fantasques et fantastiques /
_cAdrien Robert; illustrations d'Horace Castellf.
260 _aParis :
_bCharlieu frères et Huillery :
_bLibrairie Internationale,
_c[s.a.] (
_fImprimerie L. Poupart-Davyl)
300 _a282 p., [17] h. de lám. :
_bil. ;
_c26 cm.
596 _aProbablemente impreso en la segunda mitad del siglo XIX.
752 _aFrancia -
_dParís
852 _aES-MaACL
_jC-1719(1)
_z-- Enc. hol.
_z-- Legado M. de la Fuente
999 _c163609
_d163609